UNDERSTANDING AND APLLYING CRITICAL POLICY STUDY (Record no. 12776)
[ view plain ]
| 000 -LEADER | |
|---|---|
| fixed length control field | 00327nam a22001337a 4500 |
| 008 - FIXED-LENGTH DATA ELEMENTS--GENERAL INFORMATION | |
| fixed length control field | 170505b xxu||||| |||| 00| 0 eng d |
| 020 ## - INTERNATIONAL STANDARD BOOK NUMBER | |
| International Standard Book Number | 2900872075442 |
| 041 ## - LANGUAGE CODE | |
| Language code of text/sound track or separate title | eng |
| 080 ## - UNIVERSAL DECIMAL CLASSIFICATION NUMBER | |
| Universal Decimal Classification number | 34 |
| 100 ## - Rafti | |
| Rafti | 14 |
| 101 ## - Shkurtesa | |
| Shkurtesa | SHJ |
| 245 ## - TITLE STATEMENT | |
| Title | UNDERSTANDING AND APLLYING CRITICAL POLICY STUDY |
| Statement of responsibility, etc | EDMONDSON.J |
| 942 ## - ADDED ENTRY ELEMENTS (KOHA) | |
| Source of classification or shelving scheme | |
| Item type | Books |
| Withdrawn status | Lost status | Source of classification or shelving scheme | Damaged status | Not for loan | Collection code | Permanent location | Current location | Shelving location | Date acquired | Total Checkouts | Full call number | Barcode | Date last seen | Price effective from | Koha item type |
|---|---|---|---|---|---|---|---|---|---|---|---|---|---|---|---|
| Koleksioni i përgjithshem | UBT - Lipjan | UBT - Lipjan | Koleksioni i përgjithshem | 05/05/2017 | 34 EDM | 002-284397 | 05/05/2017 | 05/05/2017 | Books | ||||||
| Koleksioni i përgjithshem | UBT - Lipjan | UBT - Lipjan | Koleksioni i përgjithshem | 05/05/2017 | 34 EDM | 002-284402 | 05/05/2017 | 05/05/2017 | Books |